| 000 | 01240nam a22002897a 4500 | ||
|---|---|---|---|
| 003 | 0 | ||
| 005 | 20180825115801.0 | ||
| 008 | 0 | ||
| 010 | _aB-015012 | ||
| 020 |
_c160.00 _a8187416157 |
||
| 035 | _aB-015012 ,B-015020 | ||
| 037 | _bCen Lib/Ret | ||
| 040 |
_aDPL _bHN _c0 |
||
| 082 |
_aक _bजूझते |
||
| 245 |
_aजूझते हुए / _c संपादन दिनेशनन्दिनी डालमिया [एवं] रश्मि मलहोत्रा |
||
| 246 |
_aJhoojhate huye / _b sampadan Dineshnandini Dalmiya [evam] Rashmi Malhotra |
||
| 260 |
_a दिल्ली _bअलोक प्रकाशन _c1997 |
||
| 270 |
_b दिल्ली _a1/6588, पूर्वी रोहतास नगर शाहदरा _e110032 |
||
| 300 |
_a152पृ. _c19सेमी (सजिल्द) |
||
| 650 |
_aहिंदी साहित्य _967418 |
||
| 650 |
_aहिंदी कहानियां _92082 |
||
| 650 |
_aHindi literature _967419 |
||
| 650 |
_aHindi stories _967420 |
||
| 700 |
_aडालमिया, दिनेशनन्दिन _942819 |
||
| 700 |
_aमलहोत्रा, रश्मि _967421 |
||
| 942 |
_2ddc _cHN _hक _mजूझते |
||
| 999 |
_c116616 _d116616 |
||